| 000 | 00528nam a2200181Ia 4500 | ||
|---|---|---|---|
| 003 | OSt | ||
| 005 | 20200821145758.0 | ||
| 008 | 190216s9999||||xx |||||||||||||| ||und|| | ||
| 020 | _a9788121915083 | ||
| 040 | _coclc | ||
| 082 |
_a615.19 _bGHO/T |
||
| 100 |
_aGhosh, Jayashree _94287 |
||
| 245 | 2 |
_aA Textbook Of Pharmaceutical Chemistry / _cJayashree Ghosh |
|
| 260 |
_bS Chand & Company, _c2014. _aNew Delhi: |
||
| 300 | _a360p | ||
| 650 | _aChemistry | ||
| 942 |
_cBK _2ddc _h615.19 _iGHO/T _k615.19 _mGHO/T |
||
| 999 |
_c3619 _d3619 |
||